01597nam a22003857a 4500003000500000005001700005008004100022010000900063011000900072035000900081040000900090090001000099100004400109245018100153260004200334300003300376500001100409502007800420590003700498590004100535590004100576590004100617590004200658650003800700650003700738650004600775650002000821901000700841942000900848949004100857949004600898999001500944952012500959952012701084CHAP20220817040859.0971013s1991 r 00010 d a2010 a2982 a2182 cCHAP aTesis00aRebolledo Robles, Héctor Hugo.994964 aMetodología para estimar funciones generalizadas de producción con fines de generar recomendacionesb: considerando factores de suelo, clima, manejo y el riesgo climático aMontecillo, Méx. :bEl autor,c1991 aIx, 176 h.b: ilus; gráfs. aD44-40 aTesis (Doctor en Ciencias Esp. en Ciencias) -- CP. Centro de Edafología aALEPHb10c20130110lUCH01h1211 aBATCH-UPDb10c20130110lUCH01h1211 aBATCH-UPDb10c20130410lUCH01h0749 aBATCH-UPDb10c20130914lUCH01h1405 aCONVERSIONb10c20130109lUCH01h130214aFertilizantes para maíz.94062514aMaízxEfecto del clima.97093414aMaízxEfecto del medio ambiente.97093514aMaízzPuebla. aBK cFOLL bBCcTESd-11680eTS1h23956i2182si bBCcTESd-71445eTS2fc.2h23957i2182si c2010d2010 00102local4053708TESISaBCbBCcPA_TESISd2019-12-31fTESISl0p-71445r2019-12-31 00:00:00tc.2w2019-12-31yTESIS 00102local4051708TESISaBCbBCcPA_TESISd2019-12-31fTESISl0oTesisp-11680r2019-12-31 00:00:00w2019-12-31yTESIS